Countries with Wars - Statistics

General Stats
  • This quiz has been taken 126 times
  • The average score is 48 of 64
Answers on the Map
Answers color-coded by a green-red scale on the quiz's map according to % correct below.
 
Answer Stats
Answer % Correct
Russia
98%
Ukraine
97%
Pakistan
96%
Egypt
94%
Iraq
94%
Sudan
94%
Israel
93%
Libya
93%
South Sudan
93%
Democratic Republic of the Congo
92%
Iran
92%
Syria
92%
Yemen
92%
India
91%
Morocco
91%
Somalia
91%
Afghanistan
90%
Algeria
89%
Chad
88%
Ethiopia
88%
Niger
88%
Mali
87%
Nigeria
87%
Turkey
84%
Tunisia
82%
Central African Republic
81%
Jordan
81%
Mexico
80%
Mauritania
79%
Colombia
78%
Myanmar
78%
Saudi Arabia
78%
Venezuela
77%
Uganda
76%
Brazil
74%
Kenya
74%
Rwanda
74%
Lebanon
73%
Mozambique
70%
Senegal
70%
Angola
69%
Burkina Faso
68%
Cameroon
68%
Azerbaijan
67%
Indonesia
67%
Armenia
66%
Benin
66%
Ghana
64%
Ivory Coast
64%
Tanzania
64%
Togo
64%
Bangladesh
63%
Burundi
62%
Georgia
62%
Peru
59%
Haiti
56%
Thailand
54%
Ecuador
53%
Philippines
53%
El Salvador
44%
Honduras
44%
Palestine
44%
Paraguay
38%
Jamaica
20%
No matching quizzes found
Score Distribution
Percent of People with Each Score
Percentile by Number Answered
Your Score History
You have not taken this quiz